Tradiciones serenenses

Kaydedildi:
Detaylı Bibliyografya
Yazar: Concha, Manuel (Yazar)
Materyal Türü: Kitap
Dil:İspanyolca
Baskı/Yayın Bilgisi: Santiago Rafael Jover 1883
Edisyon:1a. ed
Seri Bilgileri:Biblioteca de La lectura
Konular:
Etiketler: Etiketle
Etiket eklenmemiş, İlk siz ekleyin!

MARC

LEADER 00000nam a2200000 a 4500
001 UCJ3202
003 CL-VaPUC
008 070124e18830000CL |||||||||||||||||spa|d
082 0 4 |a Ch868  |b CON  |2 21 
100 0 |a Concha, Manuel  |e author  |9 504871 
245 1 0 |a Tradiciones serenenses 
250 |a 1a. ed 
300 |a 600 p 
942 |c BK 
945 |d 20070124 00:00:00  |a rinostro 
260 |a Santiago  |b Rafael Jover  |c 1883 
650 7 |a TRADICIONES  |2 CL-VaPUC  |9 367367 
650 0 |a Historia local  |9 266584 
650 7 |a TIPOS Y COSTUMBRES  |2 CL-VaPUC  |9 504872 
650 0 |a Narrativa chilena  |9 342463 
650 0 |a Folclore (folklor)  |9 504873 
650 0 |a Anécdotas  |9 313436 
651 0 |a La Serena  |9 313924 
583 |a last modification  |c 20070124 00:00:00  |k Rodrigo Vera 
490 0 |a Biblioteca de La lectura 
999 |c 319324  |d 319322 
952 |0 0  |1 0  |4 0  |6 CH_868_000000000000000_CON_1883  |7 0  |8 X  |9 397629  |a FDOBUD  |b FDOBUD  |d 2019-11-22  |i 1000837  |o Ch868 CON 1883  |p 1000837  |r 2019-11-22  |w 2019-11-22  |y BK_X  |k BUD